Harvard Business essentials: (Record no. 3305)

MARC details
000 -LEADER
fixed length control field 00604nam a22001937a 4500
003 - CONTROL NUMBER IDENTIFIER
control field OSt
005 - DATE AND TIME OF LATEST TRANSACTION
control field 20220107122721.0
008 - FIXED-LENGTH DATA ELEMENTS--GENERAL INFORMATION
fixed length control field 130826b xxu||||| |||| 00| 0 eng d
020 ## - INTERNATIONAL STANDARD BOOK NUMBER
International Standard Book Number 9781591396338
040 ## - CATALOGING SOURCE
Transcribing agency IIITM-K
082 ## - DEWEY DECIMAL CLASSIFICATION NUMBER
Classification number 650.11 HAR/T
100 ## - MAIN ENTRY--PERSONAL NAME
Personal name Harvard Business School
9 (RLIN) 2081
245 ## - TITLE STATEMENT
Title Harvard Business essentials:
Remainder of title Time management, increase your personal productivity and effectiveness
Statement of responsibility, etc. by Harvard Business School
260 ## - PUBLICATION, DISTRIBUTION, ETC.
Place of publication, distribution, etc. Boston,
Name of publisher, distributor, etc. Harvard Business School,
Date of publication, distribution, etc. 2005.
300 ## - PHYSICAL DESCRIPTION
Extent xx, 152p.
650 ## - SUBJECT ADDED ENTRY--TOPICAL TERM
Topical term or geographic name entry element MANAGEMENT
9 (RLIN) 2082
650 ## - SUBJECT ADDED ENTRY--TOPICAL TERM
Topical term or geographic name entry element TIME MANAGEMENT
9 (RLIN) 2083
942 ## - ADDED ENTRY ELEMENTS (KOHA)
Source of classification or shelving scheme Dewey Decimal Classification
Koha item type Books
Holdings
Withdrawn status Lost status Source of classification or shelving scheme Damaged status Not for loan Collection code Home library Current library Shelving location Date acquired Total Checkouts Total Renewals Full call number Barcode Date last seen Date last checked out Price effective from Koha item type
    Dewey Decimal Classification     Management & Auxiliary Services Kerala University of Digital Sciences, Innovation and Technology Knowledge Centre Kerala University of Digital Sciences, Innovation and Technology Knowledge Centre Management 26/08/2013 2 1 650.11 HAR/T 2967 06/12/2023 27/11/2023 26/08/2013 Books